Häufigste Schreibfehler mit A (Multiple Choice) - Statistiken

Allgemein
  • Dieses Quiz wurde 65 mal gespielt
  • Das Durchschnittsergebnis liegt bei 14 aus 19
Antwortstatistiken
Frage Antwort % Korrekt
Welche Schreibweise ist richtig? Arzt
96%
Welche Schreibweise ist richtig? Adresse
93%
Welche Schreibweise ist richtig? Apparat
93%
Welche Schreibweise ist richtig? außerdem
89%
Welche Schreibweise ist richtig? Accessoire
86%
Welche Schreibweise ist richtig? asozial
86%
Welche Schreibweise ist richtig? Aggression
84%
Welche Schreibweise ist richtig? ans
84%
Welche Schreibweise ist richtig? Atmosphäre
80%
Welche Schreibweise ist richtig? apropos
73%
Welche Schreibweise ist richtig? aggressiv
71%
Welche Schreibweise ist richtig? autorisieren
70%
Welche Schreibweise ist richtig? aus Versehen
66%
Welche Schreibweise ist richtig? Akupunktur
63%
Welche Schreibweise ist richtig? Attrappe
63%
Welche Schreibweise ist richtig? aufs
63%
Welche Schreibweise ist richtig? Akquisition
50%
Welche Schreibweise ist richtig? annullieren
45%
Welche Schreibweise ist richtig? aufgrund dessen
45%
Keine übereinstimmenden Quizze gefunden
Verteilung der Resultate
Anzahl Personen mit jedem Resultat
Perzentil nach korrekt beantworteten Fragen
Ihre Resultats-Entwicklung
Sie haben dieses Quiz noch nicht gespielt